Statistics for Countries containing an 'M' AND a 'T' in their name

Click here to take the quiz!

General Stats

  • This quiz has been taken 1,443 times
    (1,300 since last reset)
  • The average score is 9 of 14

Answer Stats

Country% Correct
Mauritania
83%
Mauritius
79%
Montenegro
72%
Malta
71%
Turkmenistan
66%
FS of Micronesia
62%
United Kingdom
62%
Guatemala
60%
United Arab Emirates
58%
Vietnam
55%
DR of the Congo
51%
North Macedonia
47%
São Tomé and Príncipe
45%
East Timor
40%

Score Distribution

Percentile by Number Answered

Percent of People with Each Score

Your Score History

You have not taken this quiz since the last reset